000 00480nam a22001697a 4500
003 NUST - PNEC
005 20170116181110.0
008 151003b xxu||||| |||| 00| 0 eng d
020 _a0422260202
040 _cLIBRARY
082 _a629.895 LUK
100 _912849
_aLukas, Michael P.
245 _aDistributed control systems : their evaluation and design
_cMichael P. Lukas
260 _cc.1986
650 _912850
_aProcess control--Data processing
_xMIS
942 _2ddc
_cBK
999 _c69072
_d69072